000 00448 a2200133 4500
001 ART_45079
005 20260410162038.0
008 260409a
245 1 0 _aRelocalización, diversificación, reestructuración, reconversión productiva
100 1 _aRosa, Paula
700 1 _aLaurelli, Elsa
700 1 _aGarcía, Ariel
773 0 _tRevista de estudios regionales y mercado de trabajo
_g- Nº 5 (ene./dic. 2009)
_wREV44894
999 _c34649
_d34649